000 00297nam a2200097Ia 4500
008 200302s9999 xx 000 0 und d
100 _aDaniel Lopez & Garrick Ambrose
245 _aThe Function of Form Farshid Moussavi
260 _bActar and the Harvard University Graduate School
300 _a515 P.,
999 _c2793
_d2793